000 00630cam a22002291 4500
001 sa 68017623
003 DLC
005 20260227112704.0
008 890802s1968 ii d s000 0 hino
010 _asa 68017623
035 _a(OCoLC)20115005
040 _aDLC
_cWaU
_dDLC
041 0 _ahineng
042 _apremarc
050 0 0 _aPK1936
_b.U8
110 1 _aUttar Pradesh (India).
_bBhāshā Vibhāg.
245 1 0 _aUttara Pradeśa praśāsana śabdakośa: Aṅgrejī-Hindī.
260 _c1968.
300 _a3, 562 p.
_c25 cm.
650 0 _aEnglish language
_xDictionaries
_xHindi.
740 0 _aPraśāsana śabdakośa.
999 _c87834
_d87834